000 01338cam a2200349 i 4500
999 _c41142
_d41142
001 18279987
003 OSt
005 20210705121257.0
008 140826s2015 nyua b 001 0 eng
010 _a 2014033965
020 _a 9780199476299
040 _aDLC
_beng
_cDLC
_erda
_dDLC
042 _apcc
050 0 0 _aTK7867
_b.S39 2015
082 0 0 _a621.3815
_223
_bSED/M
100 1 _aSedra, Adel S.
_eauthor.
_98635
245 1 0 _aMicroelectronic circuits: Theory and applications /
_cAdel S. Sedra, University of Waterloo, Kenneth C. Smith, University of Toronto.
250 _aSeventh edition.
264 1 _aNew York ;
_aOxford :
_bOxford University Press,
_c[2015]
300 _a1297 pages:
_billustrations ;
_c27 cm.
336 _atext
_2rdacontent
337 _aunmediated
_2rdamedia
338 _avolume
_2rdacarrier
490 0 _aThe Oxford series in electrical and computer engineering
504 _aIncludes bibliographical references and index.
650 0 _aElectronic circuits.
650 0 _aIntegrated circuits.
700 1 _aSmith, Kenneth C.
_q(Kenneth Carless),
_eauthor.
906 _a7
_bcbc
_corignew
_d1
_eecip
_f20
_gy-gencatlg
942 _2ddc
_cBK
_h621.3815
_iSED/M
_k621.3815
_mSED/M